000 00573nam a22001697a 4500
999 _c20878
_d20878
003 OSt
005 20240827133821.0
008 240827b ||||| |||| 00| 0 eng d
040 _c0
082 _aDPer 379.1 J826 Winter-Spring 2021 v. 46, n. 3-4
100 _4Jackson, Tommy E.
_eauthor.
_958967
245 _aDelaware /
_cTommy E. Jackson.
260 _aIllinois, United States;
_bUniversity of Illinois Press and Johns Hopkins University Press,
_cWinter 2021.
300 _a Volume 46, pages 260-262.
700 _aJackson, Tommy E.
_eauthor.
_958968
942 _2ddc
_cPER